[Event "Hillerod Byturnering B"]
[Site "Hillerod"]
[Date "2016.05.31"]
[Round "5"]
[White "Just, Steen E"]
[Black "Christiansen, Torsten Sundgaar"]
[Result "1-0"]
[WhiteElo "1797"]
[BlackElo "1732"]
[PlyCount "99"]
[EventDate "2016.04.26"]
[EventType "tourn"]
[EventRounds "7"]
[EventCountry "DEN"]
[SourceTitle "EXT 2024"]
[Source "ChessBase"]
[SourceDate "2023.10.10"]
[SourceVersion "1"]
[SourceVersionDate "2023.10.10"]
[SourceQuality "1"]

1. d4 Nf6 2. Bg5 Ne4 3. Bh4 d5 4. f3 g5 5. fxe4 gxh4 6. exd5 Qxd5 7. Nc3 Qd8 8. Nf3 Bg4 9. Ne5 Bh5 10. g4 hxg3 11. hxg3 Bg6 12. e3 Bg7 13. Nxg6 hxg6 14. Rxh8+ Bxh8 15. Qf3 c6 16. 0-0-0 e6 17. Bd3 Qf6 18. Qe2 Nd7 19. Rf1 Qe7 20. Rh1 0-0-0 21. Rh7 Bf6 22. Bxg6 Rh8 23. Rxf7 Rh1+ 24. Nd1 Qd6 25. Be4 Rg1 26. Qf2 Qxg3 27. Qxg3 Rxg3 28. Rh7 Bg5 29. Kd2 Nf6 30. Rh8+ Kc7 31. Bd3 Nd5 32. Rh7+ Kb6 33. c4 Nxe3 34. c5+ Ka5 35. Nxe3 Bxe3+ 36. Kc3 e5 37. b4+ Ka4 38. dxe5 a5 39. bxa5 Bxc5 40. Rxb7 Kxa5 41. Kc4 Bb4 42. Rxb4 Rg4+ 43. Kc5 Rxb4 44. e6 Ka4 45. e7 Rb8 46. Kxc6 Ka3 47. Bc4 Rc8+ 48. Kb7 Rxc4 49. e8Q Rb4+ 50. Kc6 1-0